[Event "Olympiad-44"]
[Site "Chennai"]
[Date "2022.08.05"]
[Round "7.3"]
[White "Napoleao, Lourenco"]
[Black "Oratile, Kgotlane"]
[Result "1-0"]
[WhiteElo "1778"]
[BlackElo "2024"]
[PlyCount "103"]
[EventDate "2022.07.29"]
[EventType "team-swiss"]
[EventRounds "11"]
[EventCountry "IND"]
[SourceTitle "CBM 210"]
[Source "ChessBase"]
[SourceDate "2022.10.31"]
[SourceVersion "1"]
[SourceVersionDate "2022.10.31"]
[SourceQuality "1"]
[WhiteTeam "Mozambique"]
[BlackTeam "Botswana"]
[WhiteTeamCountry "MOZ"]
[BlackTeamCountry "BOT"]

1. e4 c5 2. Nf3 g6 3. d4 cxd4 4. Qxd4 Nf6 5. e5 Nc6 6. Qa4 Nd5 7. Qb3 Nc7 8. Nc3 Bg7 9. Bf4 Ne6 10. Bg3 Ned4 11. Nxd4 Nxd4 12. Qa4 Nc6 13. f4 0-0 14. 0-0-0 a6 15. h4 b5 16. Qe4 Qa5 17. Kb1 d5 18. Nxd5 Be6 19. Be1 Bxd5 20. Rxd5 Qb6 21. h5 Rad8 22. hxg6 hxg6 23. Bd3 Rxd5 24. Qxd5 Rd8 25. Qe4 Qc5 26. Rf1 Qd5 27. Bh4 Qe6 28. Bf2 Na5 29. b3 Nc6 30. Bb6 Rc8 31. Be3 f5 32. Qf3 Rd8 33. Bd2 Nd4 34. Qf2 Rd7 35. Bc3 Nc6 36. g4 Qd5 37. gxf5 gxf5 38. Bxf5 e6 39. Bd3 Rf7 40. Bg6 Rd7 41. Re1 Rc7 42. Be4 Qd7 43. Bxc6 Qxc6 44. Bb2 a5 45. f5 exf5 46. Qxf5 Rf7 47. Qd3 Rd7 48. Qe2 Bh6 49. e6 Rd2 50. Qg4+ Kf8 51. e7+ Kf7 52. e8Q+ 1-0

[Event "Olympiad-44"]
[Site "Chennai"]
[Date "2022.07.30"]
[Round "2.3"]
[White "Oratile, Kgotlane"]
[Black "Charles, Cleophas"]
[Result "1-0"]
[WhiteElo "2024"]
[BlackElo "1593"]
[PlyCount "57"]
[EventDate "2022.07.29"]
[EventType "team-swiss"]
[EventRounds "11"]
[EventCountry "IND"]
[SourceTitle "CBM 210"]
[Source "ChessBase"]
[SourceDate "2022.10.31"]
[SourceVersion "1"]
[SourceVersionDate "2022.10.31"]
[SourceQuality "1"]
[WhiteTeam "Botswana"]
[BlackTeam "Tanzania"]
[WhiteTeamCountry "BOT"]
[BlackTeamCountry "TAN"]

1. e4 e5 2. Nf3 Nc6 3. d3 Bc5 4. Nxe5 Bxf2+ 5. Kxf2 Nxe5 6. d4 Qf6+ 7. Kg1 Ng4 8. Qd2 d6 9. h3 N4h6 10. Nc3 Bd7 11. Be2 Ne7 12. Kh2 0-0 13. Rf1 Qg6 14. Rf3 Kh8 15. Qf4 f6 16. Qh4 Neg8 17. Be3 Qe8 18. Raf1 c5 19. Nd5 Rc8 20. Bxh6 Nxh6 21. Nxf6 gxf6 22. Qxh6 cxd4 23. Bd3 Qe5+ 24. Kh1 f5 25. Qh4 Rf6 26. exf5 Rg8 27. Re1 Qa5 28. Qxf6+ Rg7 29. Re7 1-0